wentworth prison - Statistics

General Stats
  • This quiz has been taken 167 times
  • The average score is 9 of 15
Answer Stats
Hint Answer % Correct
who killed jacs holt in season 1 bea
98%
whats fergusons nickname freak
83%
who is an alcoholic liz
80%
who gets cancer maxine
77%
what season does franky get parole 3
74%
what season does bea escape prison 3
74%
who is top dog in season 2 franky
73%
what is doreens baby called joshua
70%
whats boomers real name sue
60%
who gets strangled to death jess
59%
who is addicted to drugs in season 4 allie
57%
who overdoses in season 2 simmo
35%
whats juices partner in crime called stella
26%
what the name of the child in season 1 kaiya
24%
why does bea kill jacs revenge
22%
No matching quizzes found
Score Distribution
Percent of People with Each Score
Percentile by Number Answered
Your Score History
You have not taken this quiz